| 000 | 00422nam a2200121 4500 | ||
|---|---|---|---|
| 999 |
_c11481 _d11481 |
||
| 008 | 160709b xxu||||| |||| 00| 0 eng d | ||
| 020 | _a9789966008251 | ||
| 050 |
_aT56.8 _b.C45 2010 |
||
| 100 | _aChikati, John | ||
| 245 |
_aCBOs management handbook : a guide to daily management tasks of community based organizations/ _cChikati John |
||
| 260 |
_aNairobi : _bRepared Publishing Department, _c2010. |
||
| 300 |
_avii, 85p. : _bill; _c21cm. |
||
| 650 | _aManagement | ||
| 942 |
_2lcc _cSH_L_BOOKS _hT56.8 .C45 2010 |
||